[Event "HUN-chT 2018-19"]
[Site "Szombathely"]
[Date "2019.04.28"]
[Round "9.10"]
[White "Bubits, Bence"]
[Black "Balazs, Gabor"]
[Result "0-1"]
[WhiteElo "2083"]
[BlackElo "2401"]
[Annotator "TA"]
[PlyCount "178"]
[EventDate "2018.11.16"]
[EventType "team-tourn"]
[EventCountry "HUN"]
[SourceTitle "playchess.com"]
[Source "ChessBase"]
[SourceQuality "1"]

{[%evp 15,177,0,8,-10,-2,-12,-2,0,7,8,7,0,7,-23,43,5,11,0,27,0,0,0,73,60,47,29,142,25,19,-24,-23,-9,47,58,338,329,331,318,378,383,384,372,351,341,326,322,318,340,388,0,367,228,332,338,313,316,283,225,202,194,195,189,186,104,81,50,132,126,145,47,39,28,88,53,33,45,57,34,32,18,22,9,9,9,10,8,10,0,0,0,9,0,16,0,20,20,20,20,20,3,8,4,4,0,8,0,0,0,0,-8,-8,-8,-8,-8,-8,-8,-8,-556,-556,-556,-556,-556,-556,-556,-556,-29959,-29960,-29944,-556,-29940,-29968,-12781,-12693,-29963,-29938,-29947,-29955,-29963,-29947,-29968,-29969,-29982,-29983,-29984,-29985,-29990,-29991,-29991,-29992,-29992,-29993,-29994,-29995,-29995,-563,-29996,-29995,-29997,-29998,-29998,-29998,-29998,-29999,-29999]} 1. d4 Nf6 2. g3 d5 3. Nf3 Bg4 4. Bg2 c6 5. c4 e6 6. Nc3 Nbd7 7. cxd5 exd5 8. O-O Be7 9. Bf4 {A11: English Opening: 1...c6} (9. Ng5 h6 10. Nh3 O-O 11. f3 Bxh3 12. Bxh3 Re8 13. e4 dxe4 14. fxe4 Bf8 15. e5 Nh7 16. Qb3 Re7 {1-0 (48) Grischuk,A (2771)-Al Sayed,M (2484) St Petersburg 2018}) 9... O-O 10. h3 Bxf3 11. Bxf3 {The position is equal.} Qb6 $146 ({Predecessor:} 11... Re8 12. Qc2 Nf8 13. Rad1 Bd6 14. Bc1 Qe7 15. Bg5 Ne6 16. Bxf6 Qxf6 {0-1 (50) Valdes Romero,L (2365)-Dominguez Perez,L (2607) Guayaquil 2003}) 12. Rb1 a5 13. Bg2 Rfe8 14. g4 Bb4 (14... h6 $11) 15. g5 Nh5 16. Bh2 {White wants to play a3.} g6 17. e4 dxe4 $1 18. Nxe4 Qb5 (18... Rad8 $11) 19. a3 $36 {[%mdl 2048] White fights for an advantage.} Bf8 20. d5 {aiming for dxc6.} Ne5 {[#]} (20... Rad8 $1 $11) 21. a4 (21. Re1 $1 $16 {And now Nc3 would win.} Nc4 22. d6) 21... Qb4 $11 22. dxc6 Nxc6 23. Nc3 {Nd5 is the strong threat.} Rad8 ({Black should play} 23... Nf4 $11) 24. Nd5 $14 Qh4 $2 {[%mdl 8192] [#]} (24... Qc5 $14) 25. Qg4 $18 Qxg4 26. hxg4 Ng7 27. Nf6+ Kh8 28. Nxe8 Rxe8 29. Rfe1 Ne6 30. Rbc1 Nb4 {and the idea ...Nd3 leaves Black hopeful.} 31. Rcd1 ({Weaker is} 31. Bxb7 Nd3 $16) 31... Rc8 32. Rc1 $2 (32. Bxb7 $18 Rc4 33. Re4) 32... Bc5 $2 {[%mdl 8192]} (32... Re8 $1 $11) 33. Red1 Bxf2+ (33... b6 {was called for.} 34. Kf1 Nxg5) 34. Kf1 ({Not} 34. Kxf2 Rxc1 35. Rxc1 (35. Be5+ Kg8 $18) 35... Nd3+ 36. Ke3 Nxc1 $18) 34... Rxc1 35. Rxc1 Bd4 36. b3 b6 37. Bg1 Bxg1 38. Kxg1 {[%mdl 4096] Endgame KRB-KNN} Nc5 39. Rc3 (39. Bf1 $18) 39... Kg7 $16 40. Re3 Ne6 (40... h6 $1 $14) 41. Bf1 Kf8 42. Rc3 ({Better is} 42. Bb5 $16) 42... Ke7 $14 43. Kh2 Kd8 (43... Nxg5 $11 44. Rc7+ Kd6) 44. Rc4 Nxg5 45. Kg3 Ne6 46. Re4 {[%mdl 1024] White has compensation.} Nc5 47. Rd4+ Ke7 48. Bc4 Nc6 49. Rd1 Ne5 50. Bd5 h6 51. Re1 Kd6 52. Rd1 {Threatening Bxf7+.} Ke7 53. Re1 Ncd3 54. Rd1 f5 55. gxf5 gxf5 56. Rh1 Kd6 57. Bf3 f4+ 58. Kg2 Kc5 59. Bb7 h5 60. Kf1 Kd4 61. Rxh5 Nc5 62. Rh6 Nxb7 63. Rxb6 Nc5 64. b4 $1 {[%cal Rb4c5]} axb4 65. Rxb4+ Ke3 66. Rxf4 $2 {[%mdl 8192]} (66. a5 $11 {and White is okay.}) 66... Kxf4 $19 67. Ke2 Ke4 68. a5 Na6 69. Kd2 Kf3 70. Kc3 Ke3 71. Kc2 Nc4 (71... Nf7 $142 72. Kd1 Ng5 73. Ke1 Ne6 74. Kd1 Nec5 75. Ke1 Ne4 76. Kf1 Ng3+ 77. Kg2 Nf5 78. Kf1 Ne7 79. Kg2 Nf5 80. Kf1 Nd4 81. Kg2 Nf5) 72. Kc3 Nd6 73. Kc2 Ne4 74. Kd1 Kf2 75. Kc2 Ke2 76. Kc1 Nc3 77. Kc2 Nb5 78. Kc1 Nd4 79. Kb2 Kd2 80. Kb1 Nb3 81. Kb2 Nbc5 82. Kb1 Nd3 83. Ka2 Kc2 84. Ka3 Nb2 85. Ka2 Nc4 {Black mates.} 86. Ka1 Nb4 87. a6 Kc1 88. a7 Ne3 {[%cal Re3c2]} 89. a8=Q Nec2# {Accuracy: White = 25%, Black = 51%.} 0-1

[Event "HUN-chT 2018-19"]
[Site "Szombathely"]
[Date "2019.04.28"]
[Round "9.11"]
[White "Gyorkos, Lajos"]
[Black "Korcz, Sandor"]
[Result "1-0"]
[WhiteElo "2303"]
[BlackElo "1967"]
[Annotator "NA"]
[PlyCount "35"]
[EventDate "2018.11.16"]
[EventType "team-tourn"]
[EventCountry "HUN"]
[SourceTitle "playchess.com"]
[Source "ChessBase"]
[SourceQuality "1"]

1. d4 e6 2. c4 d5 3. Nc3 Nf6 4. Bg5 Be7 5. Nf3 Nbd7 6. e3 O-O 7. Qc2 c6 8. O-O-O a5 9. Kb1 dxc4 10. Bxc4 b5 11. Bd3 h6 12. Bh4 Bb7 13. e4 Nxe4 14. Nxe4 Bxh4 15. Nd6 Rb8 16. Nxb7 Rxb7 17. Qxc6 Rb6 18. Qe4 1-0

[Event "HUN-chT 2018-19"]
[Site "Szombathely"]
[Date "2019.04.28"]
[Round "9.12"]
[White "Balogh, Marton"]
[Black "Krstulovic, Alex"]
[Result "0-1"]
[WhiteElo "1941"]
[BlackElo "2309"]
[Annotator "NA"]
[PlyCount "116"]
[EventDate "2018.11.16"]
[EventType "team-tourn"]
[EventCountry "HUN"]
[SourceTitle "playchess.com"]
[Source "ChessBase"]
[SourceQuality "1"]

1. d4 d5 2. Nf3 Nf6 3. Bf4 c5 4. e3 Nc6 5. c3 cxd4 6. exd4 Bf5 7. Qb3 {B13: Caro-Kann: Exchange Variation and Panov-Botvinnik Attack} Qc8 (7... Na5 8. Qa4+ Bd7 9. Qc2 Rc8 10. Nbd2 g6 11. Bd3 Bg7 12. O-O O-O 13. Ne5 Nc6 14. Nxc6 Bxc6 {0-1 (66) Eljanov,P (2680)-Saric,I (2690) chess.com INT 2019}) 8. Nbd2 e6 9. h3 Be7 10. Be2 O-O 11. O-O Ne4 12. Nxe4 Bxe4 13. Ne5 {[#]} a6 $146 ({Predecessor:} 13... Bd6 14. Nxc6 Qxc6 {½-½ (14) Buckels,V (2441)-Vorobiov,E (2570) Schwaebisch Gmuend 2019}) 14. Qd1 f6 15. Nxc6 Qxc6 16. Bd3 Bxd3 17. Qxd3 b5 18. a3 Rfe8 19. Rfe1 Bf8 20. Re3 a5 21. Rae1 b4 22. axb4 axb4 23. Qe2 Ra6 24. Qg4 b3 25. h4 Qd7 26. Qe2 Qc6 27. Qg4 Qc8 28. Qd1 Qb7 29. Qg4 Rb6 30. Qd1 Qf7 31. Qe2 Qd7 32. Qg4 g6 33. Ra1 Bg7 34. Ra3 Qb7 35. Qe2 Qe7 36. Qd1 Qb7 37. Qe2 Bf8 38. Ra1 Qc6 39. g4 e5 40. dxe5 Bc5 41. Rd3 fxe5 42. Bh6 Rb7 43. Rf3 e4 44. Rg3 $17 Rf7 45. Be3 Bd6 46. Ra6 Qd7 47. Rg2 Be5 48. Ra7 Qe6 49. Ra6 Qd7 50. Ra7 Qc6 51. Ra6 Qb7 52. h5 Ra8 53. hxg6 Qxa6 54. gxf7+ Kxf7 55. f4 Qxe2 56. Rxe2 Bxc3 57. bxc3 Ra2 58. Re1 b2 0-1

[Event "HUN-chT 2018-19"]
[Site "Szombathely"]
[Date "2019.04.28"]
[Round "9.13"]
[White "Balogh, Csaba"]
[Black "Grigoriants, Sergey"]
[Result "1/2-1/2"]
[WhiteElo "2629"]
[BlackElo "2543"]
[Annotator "TA"]
[PlyCount "99"]
[EventDate "2018.11.16"]
[EventType "team-tourn"]
[EventCountry "HUN"]
[SourceTitle "playchess.com"]
[Source "ChessBase"]
[SourceQuality "1"]

{[%evp 17,99,24,27,15,27,36,44,17,13,12,18,22,21,12,13,-4,0,0,0,0,0,0,24,12,22,13,14,14,15,0,0,0,0,0,7,0,14,14,22,0,0,0,0,0,0,0,0,0,0,0,22,0,0,-19,-15,-13,0,0,0,0,0,0,0,0,0,0,0,0,0,0,0,0,0,0,0,0,0,0,0,0,0,0,0,0]} 1. e4 e5 2. Nf3 Nc6 3. Bb5 a6 4. Ba4 Nf6 5. Nc3 Be7 6. d3 b5 7. Bb3 Bb7 8. O-O O-O 9. Bd2 d6 10. a4 {C84: Closed Ruy Lopez: Unusual White 6th moves} (10. Nd5 Nxd5 11. Bxd5 Qc8 12. a4 Nd8 13. Bxb7 Qxb7 14. b4 Ne6 15. Qb1 d5 16. exd5 Qxd5 17. Qa2 Qxa2 18. Rxa2 f6 19. Rfa1 {½-½ (29) Sadzikowski,D (2551)-Efimenko,Z (2661) Abu Dhabi 2016}) 10... Nd4 11. Nxd4 exd4 12. Nd5 {White is slightly better.} (12. Ne2 {keeps more tension.} c5 13. Ng3 c4 14. Ba2 d5 15. e5) 12... Nxd5 13. exd5 $146 ({Predecessor:} 13. Bxd5 Bxd5 14. exd5 Qd7 15. c4 dxc3 16. bxc3 Qf5 17. Qe2 Bf6 18. axb5 axb5 19. Rxa8 Rxa8 20. c4 h5 21. Bb4 Bd4 22. h3 Ra4 23. Qd2 Kh7 {½-½ (23) Harley,A (2234)-Kett,T (2220) England 2012}) 13... Qd7 14. Re1 Bf6 15. h3 bxa4 16. Bc4 c6 17. Rxa4 cxd5 18. Bb3 Rfe8 19. Rxe8+ Qxe8 20. Qf3 Rc8 {The position is equal.} 21. Bb4 Be5 22. Ra5 g6 23. g3 Qe6 24. h4 h5 25. Ra1 Qg4 26. Kg2 Rc7 27. Ba5 Rc8 28. Bb6 Qd7 29. Ra4 Qb5 30. Ba5 $1 {[#]} Rc4 $1 {[%mdl 512]} 31. Ra1 (31. dxc4 $2 {perishes.} dxc4 32. Rxc4 Bxf3+ 33. Kxf3 Qxa5 $19) (31. Rxc4 dxc4) 31... Rc8 32. Bd2 Qd7 33. Bf4 Qg4 34. Re1 (34. Qxg4 {seems wilder.} hxg4 35. Bd2 f5 36. Bb4 Kf7 37. Ra4) 34... Bxf4 35. Qxf4 (35. Qxg4 {with more complications.} hxg4 36. gxf4 a5 37. Kg3 Kg7 38. Ra1) 35... Qxf4 36. gxf4 $11 {[%mdl 4096] Endgame KRB-KRB} a5 37. Ra1 Rc5 38. Ra4 Bc6 39. Rxd4 a4 40. Bxa4 Bxa4 41. Rxa4 {c3 is the strong threat.} Rxc2 {KR-KR} 42. Rb4 Rd2 43. Rd4 Rxb2 44. Rxd5 Rb6 45. f5 Kg7 46. fxg6 fxg6 47. Kf3 Kf7 48. Ke3 Ke6 49. Rg5 Kf6 50. Rd5 {Accuracy: White = 66%, Black = 72%.} 1/2-1/2

[Event "HUN-chT 2018-19"]
[Site "Szombathely"]
[Date "2019.04.28"]
[Round "9.14"]
[White "Gonda, Laszlo"]
[Black "Lenic, Luka"]
[Result "0-1"]
[WhiteElo "2524"]
[BlackElo "2657"]
[Annotator "TA"]
[PlyCount "58"]
[EventDate "2018.11.16"]
[EventType "team-tourn"]
[EventCountry "HUN"]
[SourceTitle "playchess.com"]
[Source "ChessBase"]
[SourceQuality "1"]

{[%evp 12,58,7,16,11,10,0,0,0,0,0,-12,-14,-43,-47,-71,-71,-71,-42,-60,-32,-47,-42,-81,-85,-77,-53,-75,-69,-78,-83,-149,-143,-145,-142,-406,-390,-660,-676,-673,-672,-657,-648,-512,-516,-1050,-979,-885,-670]} 1. Nf3 Nf6 2. g3 d5 3. Bg2 e6 4. O-O Be7 5. c4 O-O 6. b3 d4 7. e3 c5 {A14: English Opening: 1...e6 with b3 by White} 8. exd4 cxd4 9. Re1 Nc6 {The position is equal.} 10. d3 Bb4 11. Bd2 Bd6 12. Qc1 $146 ({Predecessor:} 12. a3 a5 13. Bg5 h6 14. Bxf6 Qxf6 15. Nbd2 {½-½ (80) Efimenko,Z (2651)-Kravtsiv,M (2645) Rivne 2016}) 12... Nd7 13. Ng5 Be7 14. f4 Nc5 {...h6 is the strong threat.} 15. Qc2 Bxg5 16. fxg5 a5 17. Na3 Re8 18. Nb5 e5 19. Rf1 Bg4 $36 {[%mdl 2048] Black fights for an advantage.} 20. a3 {[#]} e4 $1 {[%mdl 512]} 21. Rf4 (21. Bxe4 $142 Nxe4 22. dxe4) (21. dxe4 d3) 21... exd3 22. Qb2 {[#]} Bh5 $1 ({And not} 22... Qxg5 23. Nc7 $14) 23. b4 $2 {[%mdl 8192]} (23. Bd5 $17 {is the only way for White.}) 23... axb4 $19 24. axb4 $2 (24. Nxd4 bxa3 25. Rxa3 Rxa3 26. Bxc6 bxc6 27. Qxa3) 24... Rxa1+ {Black is clearly winning.} 25. Qxa1 Nb3 26. Qb2 Re2 27. Qxb3 Rxd2 28. Re4 (28. Bd5 $142 Bg6 29. Qa4) 28... Rd1+ 29. Kf2 d2 {Accuracy: White = 36%, Black = 93%.} 0-1

[Event "HUN-chT 2018-19"]
[Site "Szombathely"]
[Date "2019.04.28"]
[Round "9.15"]
[White "Erdos, Viktor"]
[Black "Kovacevic, Blazimir"]
[Result "1-0"]
[WhiteElo "2604"]
[BlackElo "2497"]
[Annotator "TA"]
[PlyCount "75"]
[EventDate "2018.11.16"]
[EventType "team-tourn"]
[EventCountry "HUN"]
[SourceTitle "playchess.com"]
[Source "ChessBase"]
[SourceQuality "1"]

{[%evp 24,75,24,14,33,7,22,0,3,5,5,5,8,5,5,5,10,0,17,0,35,39,71,88,93,60,113,92,151,165,246,244,244,143,116,100,111,84,227,226,222,217,251,227,234,233,229,229,307,305,595,568,936,595]} 1. Nf3 e6 2. c4 b6 3. g3 Bb7 4. Bg2 Nf6 5. O-O Be7 6. d4 O-O 7. Nc3 Ne4 8. Bd2 Bf6 9. Rc1 c5 10. d5 exd5 11. cxd5 Nxd2 12. Nxd2 d6 13. Nde4 Be5 {E18: Queen's Indian: Old Main Line (4 g3 Bb7 5 Bg2 Be7 6 0-0 0-0 7 Nc3)} (13... Be7 14. f4 f5 15. Nf2 Ba6 16. a4 Bf6 17. Re1 Nd7 18. e3 Rb8 19. Qc2 g6 20. Nb5 Bxb5 21. axb5 Bg7 22. Bh3 {1-0 (41) Carlsen,M (2857)-Cordova,E (2638) Baku 2016}) 14. Qd2 Ba6 15. f4 Bd4+ {The position is equal.} 16. Kh1 Qe7 17. Rfe1 g6 18. e3 $36 {[%mdl 2048] White is more active.} Bg7 19. Ng5 Nd7 20. e4 Rae8 $146 ({Predecessor:} 20... h6 21. Nf3 {½-½ (43) Tishin,P (2498)-Krasnov,V (2444) Donskoj 2002}) 21. a4 {[%cal Ba2a4,Ba4b5][%mdl 32]} c4 22. Nb5 $1 Bxb5 23. axb5 Rc8 24. Bf1 Qf6 (24... Nf6 $14) 25. Bh3 ({But not} 25. Rxc4 $6 Rxc4 26. Bxc4 Qxb2 $11) (25. Bxc4 $6 Qxb2 26. Rc2 Qf6 $14) 25... Rfd8 (25... Qd8 $142) 26. Rc2 $16 Qd4 (26... Rc5 {was necessary.} 27. e5 dxe5) 27. Qxd4 $1 $18 Bxd4 {[#]} 28. Ra1 (28. e5 $1 $18 {[%cal Re5e6][%mdl 512] aiming for e6.} dxe5 29. fxe5 Bxe5 30. Bxd7 Rxd7 31. Rxe5) 28... Rc7 $16 29. Ra4 Bf6 30. Nf3 Re8 (30... c3 $16 31. bxc3 Nc5) 31. Bxd7 $18 ({Stronger than} 31. Raxc4 Rxc4 32. Rxc4 Nc5 $11) 31... Rxd7 32. Raxc4 Rde7 33. Nd2 Bg7 34. Kg2 f5 {[%cal Rf5e4]} 35. Kf3 Rf7 36. Rc8 Rfe7 $2 {[#]} (36... Ref8 37. Rxf8+ Kxf8 38. Rc8+ Ke7) 37. e5 $1 {[%mdl 512]} Kf7 (37... dxe5 38. d6) 38. e6+ {Accuracy: White = 59%, Black = 34%.} 1-0

[Event "HUN-chT 2018-19"]
[Site "Szombathely"]
[Date "2019.04.28"]
[Round "9.16"]
[White "Hoang, Thanh Trang"]
[Black "Markus, Robert"]
[Result "1/2-1/2"]
[WhiteElo "2448"]
[BlackElo "2610"]
[Annotator "TA"]
[PlyCount "104"]
[EventDate "2018.11.16"]
[EventType "team-tourn"]
[EventCountry "HUN"]
[SourceTitle "playchess.com"]
[Source "ChessBase"]
[SourceQuality "1"]

{[%evp 11,104,20,18,16,27,9,7,12,20,15,18,19,14,14,14,14,12,19,14,-29,0,-20,-10,-20,-10,-73,-68,-66,-67,-64,-70,-75,-60,-116,-154,-131,-118,-160,-87,-91,-84,-102,-92,-155,-140,-143,-152,-187,-175,-155,-163,-158,-83,-115,-23,-12,-8,-14,0,-8,0,-6,-6,-6,-6,-29,-6,-6,-6,-8,-6,-8,-8,-25,-25,-25,0,0,0,0,0,0,0,0,-1,0,0,0,0,0,0,0,0,0,0]} 1. d4 Nf6 2. Nf3 d6 3. g3 g6 4. Bg2 Bg7 5. O-O O-O 6. a4 a5 7. Re1 {A49: 1 d4 Nf6 2 Nf3 g6 3 g3: Anti-King's Indian systems} Nc6 (7... Nbd7 8. e4 e5 9. Nc3 Re8 10. h3 c6 11. Be3 exd4 12. Bxd4 Qc7 13. Qd2 Ne5 14. Nh2 Nc4 15. Qg5 Qd8 16. Na2 h6 17. Qc1 c5 18. Bc3 Nb6 19. b3 d5 20. exd5 Nbxd5 {½-½ (39) Rapport,R (2720)-Mamedyarov,S (2747) Reykjavik 2016}) 8. d5 Nb4 9. e4 e6 10. c3 Na6 11. dxe6 Bxe6 12. Nd4 Bg4 13. f3 Bd7 {[#]} 14. Nd2 $146 ({Predecessor:} 14. Be3 Re8 {½-½ (44) Hansen,S (2590)-Aabling Thomsen,J (2358) Svendborg 2019}) 14... Nc5 15. Nc4 Re8 16. Ne3 h5 17. h4 c6 18. b3 (18. Nc4 $11) 18... d5 $17 19. exd5 Nxd5 20. Nxd5 Rxe1+ 21. Qxe1 {Ne7+ is the strong threat.} cxd5 22. Be3 (22. Qd1 $15) 22... Qc7 $1 23. Rd1 Re8 24. Qf2 {[#]} Ne6 (24... Nxb3 $142 $1 {[%mdl 512]} 25. Nxb3 Bxa4) 25. Ne2 {[#]} d4 $1 {[%mdl 512]} 26. Nxd4 (26. cxd4 Qc2) 26... Qxc3 27. Ne2 ({White should try} 27. Qd2 Rc8 28. Kh2) 27... Qxb3 28. Rxd7 {Threatens to win with Bb6.} Nf8 29. Rc7 Rxe3 30. Rxb7 Qd1+ ({Resist} 30... Qxb7 31. Qxe3 Qb4 32. Qe8 $15) 31. Bf1 Re8 (31... Rd3 $142 {Hoping for ...Ne6.} 32. f4 Qxa4) 32. Kg2 Nd7 ({Better is} 32... Rc8 $17 {White should prevent ...Ne6.} 33. f4 Qxa4) 33. Nf4 $11 Ne5 34. Be2 $1 {[%cal Re2d1]} Qc1 35. Qb6 Qc2 {And now ...Nc4 would win.} 36. Qb3 Rc8 37. Qxc2 Rxc2 38. Rb5 Nd3 39. Nxd3 {Strongly threatening Nf4.} Rxe2+ {[%mdl 4096] Endgame KRB-KRN} 40. Kh3 Re3 41. Nf4 Rxf3 42. Kg2 Ra3 43. Rxa5 Bc3 44. Ra8+ {The position is equal.} Kg7 45. Ra7 $1 Be5 46. Ne6+ Kf6 47. Ng5 {[%csl Gg5][%cal Ra7f7]} Rxg3+ 48. Kf2 $1 {[%csl Gg5][%cal Ra7f7]} Bd4+ 49. Kxg3 Bxa7 50. a5 Ke7 51. a6 f6 52. Ne4 {[#]} g5 $1 {[%mdl 512] Accuracy: White = 56%, Black = 65%.} 1/2-1/2

[Event "HUN-chT 2018-19"]
[Site "Szombathely"]
[Date "2019.04.28"]
[Round "9.17"]
[White "Banusz, Tamas"]
[Black "Flumbort, Andras"]
[Result "1-0"]
[WhiteElo "2614"]
[BlackElo "2455"]
[Annotator "TA"]
[PlyCount "131"]
[EventDate "2018.11.16"]
[EventType "team-tourn"]
[EventCountry "HUN"]
[SourceTitle "playchess.com"]
[Source "ChessBase"]
[SourceQuality "1"]

{[%evp 17,131,50,52,57,52,44,49,52,52,48,53,47,50,51,44,41,43,41,62,59,68,52,68,46,75,60,81,81,77,69,73,79,68,44,89,61,75,70,89,0,76,76,89,61,74,26,48,18,31,29,31,21,31,20,20,20,16,0,20,15,20,-12,66,23,26,0,0,0,0,0,0,-6,-6,-8,0,0,0,0,0,0,0,0,0,0,0,0,0,0,0,0,9,9,9,14,14,14,14,11,10,0,0,0,0,0,264,216,114,269,290,337,1553,1647,1058,991,887,400]} 1. Nf3 c5 2. c4 Nc6 3. d4 cxd4 4. Nxd4 Nf6 5. Nc3 e6 6. e4 d6 7. Be2 Be7 8. O-O O-O 9. Be3 Nxd4 10. Bxd4 {B54: Sicilian: 2...d6 3 d4 cxd4 4 Nxd4, Unusual Lines} b6 11. Qd2 Bb7 12. f3 {White is slightly better.} Nd7 13. Rfd1 a6 14. Bf1 $146 ({Predecessor:} 14. b4 Rb8 15. Kh1 Qc7 16. Qb2 Bf6 17. Bxf6 Nxf6 18. Qd2 {0-1 (39) Labollita,M (2452)-Arancibia Guzman,E (2408) Santiago de Cuba 2004}) 14... Rb8 15. b4 Qc7 16. Rac1 Rfc8 17. Qf2 Ba8 18. Qg3 {[%csl Gd4][%cal Rg3g7]} Bf8 19. a3 g6 20. f4 Bh6 21. Qh4 Bxf4 {[%mdl 64] Remove Defender, Decoy} 22. Qxf4 e5 {[%mdl 64] Double Attack} 23. Qf2 exd4 24. Rxd4 Ne5 25. Qf6 Rd8 26. Rcd1 Ng4 27. Qf4 Ne5 28. Qf6 Ng4 $1 {[%cal Rg4f6]} 29. Qg5 Ne5 30. Be2 Re8 31. Qg3 Rbc8 32. Na4 Re6 33. h3 Rce8 34. Nc3 Rf6 35. Qg5 Kg7 36. Qd2 Rc8 37. Rf1 Re6 38. Kh1 h6 39. Qf4 Rce8 (39... b5 $11) 40. Qe3 Nd7 41. Qf4 (41. Nd5 {is more complex.} Bxd5 42. cxd5 Rf6 43. Rc1 Qb7 44. Rc3) 41... Rf6 42. Qd2 Rxf1+ 43. Bxf1 Re6 $1 44. Be2 Nf6 {[%cal Ra8e4]} 45. Bf3 Bb7 46. Qe3 Re5 47. Qd3 Re6 48. Ne2 Nd7 49. Nf4 Rf6 50. Qe3 Ne5 51. Be2 a5 52. Nd5 Bxd5 $1 53. exd5 h5 54. Re4 {White wants to play c5!} axb4 55. axb4 {And now c5! would win.} Rf5 56. g4 hxg4 57. hxg4 Rf6 {[#]} 58. c5 $1 {[%mdl 512]} bxc5 59. bxc5 {[%cal Bb4c5,Bc5c6,Bc6c7][%mdl 32]} Qa5 60. Kg2 g5 $2 {[%mdl 8192] [#]} (60... Kg8 $11 {and Black has nothing to worry.}) 61. Rxe5 $1 $18 ({Worse is} 61. Qxg5+ Ng6 $11) 61... dxe5 62. Qxg5+ Rg6 63. Qxe5+ Kg8 $2 {[#]} (63... f6 64. Qe7+ Kh6) 64. c6 $1 {White is clearly winning.} Qc5 65. c7 Kf8 66. Bf3 {Accuracy: White = 54%, Black = 62%.} (66. Bd1 $142 Rh6 67. g5 (67. Ba4 Qc1 $11)) 1-0

[Event "HUN-chT 2018-19"]
[Site "Szombathely"]
[Date "2019.04.28"]
[Round "9.18"]
[White "Popovics, Adam"]
[Black "Ivanisevic, Ivan"]
[Result "1/2-1/2"]
[WhiteElo "2380"]
[BlackElo "2611"]
[Annotator "TA"]
[PlyCount "142"]
[EventDate "2018.11.16"]
[EventType "team-tourn"]
[EventCountry "HUN"]
[SourceTitle "playchess.com"]
[Source "ChessBase"]
[SourceQuality "1"]

{[%evp 19,142,39,45,19,39,1,14,7,5,-12,-20,-14,-11,-55,-22,-22,-21,-52,-47,-52,-47,-44,-45,-50,-40,-172,-154,-332,-329,-445,-422,-958,-939,-870,-296,-394,-344,-345,-95,-97,-65,-37,0,0,234,0,33,49,92,70,41,39,38,43,248,0,0,0,0,0,0,-47,0,-42,-33,-34,-22,-24,-24,-24,-24,-24,-24,-24,-24,-31,-25,-37,-25,-25,-5,-5,0,0,0,0,0,0,0,0,0,0,0,-3,0,0,0,-10,-10,-10,-10,-10,-10,-6,-6,-24,-24,-24,-24,-24,-9,-10,-6,-6,-7,-7,-7,-7,-5,-5,-5,-5,-5,-7,-7]} 1. d4 Nf6 2. c4 c5 3. d5 g6 4. Nc3 Bg7 5. e4 d6 6. Be2 e6 7. Bg5 h6 8. Be3 O-O 9. Qd2 Kh7 10. dxe6 Bxe6 11. Nf3 {E74: King's Indian: Averbakh Variation: 6...c5} (11. h3 Nc6 12. Nf3 Qe7 13. O-O Rad8 14. Rfe1 Ne5 15. Nxe5 dxe5 16. Qc2 Ne8 17. Rad1 Rxd1 18. Rxd1 b6 19. Qd2 f5 20. f3 {½-½ (61) Kryakvin,D (2588)-Kovalev,V (2683) St Petersburg 2018}) 11... Nc6 12. O-O Ng4 13. Bf4 Nge5 14. Nd5 Nxf3+ 15. Bxf3 {Black should prevent Bxd6.} Nd4 16. Bd1 $146 ({Predecessor:} 16. Be2 Bxd5 17. cxd5 Nxe2+ 18. Qxe2 Qf6 19. Bg3 Rfe8 {½-½ (19) Feytens,R-Ginzborsky,L ICCF corr 1990}) 16... Bxd5 17. exd5 Re8 18. h3 Qf6 19. Bh2 Re4 20. Rb1 a6 21. b4 b5 22. Qd3 (22. bxc5 $15 dxc5 23. Qa5) 22... Rae8 $19 23. cxb5 $2 (23. bxc5 $17 {was called for.} bxc4 24. Qa3) 23... c4 ({Not} 23... axb5 24. bxc5 dxc5 25. Qd2 $17) 24. Qg3 Re1 25. Bf3 (25. Bg4 $142 Rxb1 26. Rxb1) 25... Rxb1 26. Rxb1 Qf5 $2 (26... Qe7 {( -> ...Qe1+!)} 27. Kh1 Be5) 27. Rc1 {[#]} Qc2 $1 {[%mdl 512]} 28. Rf1 (28. Rxc2 Re1#) 28... Be5 $2 (28... Nxb5 $2 29. a4 $17) (28... axb5 $19 {and Black stays clearly on top. Strongly threatening ...Qd2.} 29. Bg4 h5) 29. Qg4 $17 f5 ({Weaker is} 29... Qxa2 30. Bxe5 dxe5 31. Qd7 $18) 30. Qh4 {Black must now prevent Bxe5.} Bxh2+ ({Much weaker is} 30... Nxb5 $6 31. Bxe5 Rxe5 32. Qf6 $16) (30... Bg7 {is interesting.} 31. b6 Qd2 32. Bxd6 Nxf3+ 33. gxf3 Qxd5 34. Qg3 g5) 31. Kxh2 Qc3 $2 (31... Nxf3+ $11 32. gxf3 axb5) 32. Qf4 $2 ({Only move:} 32. bxa6 $18 {Hoping for b5!} Kg7 33. Qf4 Nxf3+ 34. gxf3 Qxb4 35. Qd4+ Kf7 36. Rc1) 32... Nxf3+ 33. gxf3 Qxb4 34. bxa6 $11 {[%mdl 4096] Endgame KQR-KQR} Qc5 35. Qd2 c3 36. Qc2 $1 Rc8 $2 {[#]} (36... h5 $14) 37. Rd1 $2 (37. Rb1 $1 $18) 37... Qc4 $36 {[%mdl 2048] Black has good play.} 38. a7 {aiming for Rd3.} Qa6 39. Rd3 Qxa7 40. Re3 Rc7 41. Kg2 Qd4 42. a4 Kg7 43. a5 Qd2 44. Qxd2 cxd2 {KR-KR} 45. Rd3 Ra7 46. Rxd2 Rxa5 47. Rd4 Kf6 48. f4 $1 g5 49. Kg3 gxf4+ 50. Kxf4 Ra3 51. f3 $1 Rb3 52. Kg3 Kg5 53. h4+ Kf6 54. Kf4 Ra3 55. Rb4 Rd3 56. Rb5 Rd4+ 57. Kg3 $1 Kg6 58. f4 Kh5 59. Kf3 $1 Kxh4 60. Ke3 Rd1 {With the idea ...Kg4.} 61. Ke2 Rg1 62. Rb7 Rg2+ 63. Ke3 Rg3+ 64. Ke2 h5 65. Rd7 {The position is equal.} Rg6 {Threatens to win with ...Kg3.} 66. Kf3 $1 Kh3 {next ...h4 is good for Black.} 67. Rf7 Rg3+ 68. Kf2 h4 {And now ...Rd3 would win.} 69. Rxf5 Kg4 70. Rf6 Rf3+ 71. Kg1 Rxf4 {Accuracy: White = 49%, Black = 52%.} 1/2-1/2